00597cam a22001812 4500001001100000005001700011008004100028020002600069040001500095100003400110245008800144250001400232260004200246300001800288650004100306650003800347700003000385000000853620151021151114.0080421s xx 000 0 eng d a0070472645 :cKES 800 aKABUcKABU1 aNewstrom, John W.@000013583110aOrganizational behavior :bhuman behavior at work /cJohn W. Newstrom, Keith Davis. a11th ed. aNew Delhi :bTata McGraw-Hill,c2002. axxiv, 534 p. 0aOrganizational behavior.@0000150790 0aIndustrial sociology.@00001512461 aDavis, Keith.@0000151787